000 00545pab a2200193 454500
008 180718b2013 xxu||||| |||| 00| 0 eng d
100 _aBaksi, Arup Kumar
245 _aExploring the moderating effects of relationship customer satisfaction retention link: Evidence from Indian banking industry
260 _c2013
300 _ap.13-20.
362 _aJan-Mar
650 _aBanks - India
650 _aConsumers - India
650 _aConsumers
700 _aParida, Bivraj Bhusan
773 _aAbhigyan
908 _aN
909 _a99388
999 _c99387
_d99387